| 000 | 00755na a2200265 4500 | ||
|---|---|---|---|
| 001 | 15993 | ||
| 003 | MIRAKIL | ||
| 005 | 20181213154800.0 | ||
| 008 | 161001b tu 000 0 | ||
| 020 | _a9759275805 | ||
| 035 | _a15993 | ||
| 040 |
_aMilas _btur _cTR-AnCHP |
||
| 041 | _aeng | ||
| 082 |
_a813.42 _bO63y [200?] |
||
| 090 | _a813.42 O63y [200?] | ||
| 100 |
_aOrhan Kemal _d1914-1970 |
||
| 240 | _a72. koğuş | ||
| 245 |
_aThe prisoners _ba novella _cOrhan Kemal ; translated by Cengiz Lugal |
||
| 246 | _aYetmişikinci koğuş | ||
| 260 |
_aİstanbul _bAnatolia publishing _c[200?] |
||
| 300 |
_a126 s. _c19 sm. |
||
| 650 |
_aTürk edebiyatı _xRoman _yİngilizceye çeviriler |
||
| 657 | _aHükümlü edebiyatçılar | ||
| 942 |
_2ddc _cBKS |
||
| 999 |
_c766 _d766 |
||